| 000 | 01740nam a22003137a 4500 | ||
|---|---|---|---|
| 003 | EG-ScBUE | ||
| 005 | 20211011110206.0 | ||
| 008 | 211011s2011 ua f b 000 0 ara d | ||
| 017 | _a2010/20542 | ||
| 040 |
_aEG-ScBUE _bara _erda _cEG-ScBUE _dEG-ScBUE |
||
| 043 | _ama----- | ||
| 082 | 0 | 4 |
_a323.09174927 _bق ض ا _222 |
| 245 | 0 | 0 |
_aقضايا حقوق الإنسان : _bرؤية شعوب الجنوب : أعمال المؤتمر المشترك الأول بين الدورية الدولية لحقوق الإنسان (Sur) وشركاء التنمية للبحوث والاستشارات والتدريب (PID) / _cتحرير وتقديم مصطفى كامل السيد، بمشاركة هشام سليمان. |
| 246 | 3 | 5 |
_aHuman rights debates : _bperspectives from the south : proceedings of the first joint conference of the international journal on human rights (sur) & partners in development for research, consulting and training (PID) |
| 264 | 1 |
_aالقاهرة : _bشركاء التنمية بحوث واستشارات وتدريب، _c2011. |
|
| 300 |
_a365 صفحة ؛ _c24 سم |
||
| 336 |
_2rdacontent _aنص _btxt |
||
| 337 |
_2rdamedia _aبدون وسيط _bn |
||
| 338 |
_2rdacarrier _aمجلد _bnc |
||
| 504 | _aيشتمل على إرجاعات ببليوجرافية. | ||
| 541 | _aإهداء. | ||
| 650 | 7 |
_aحقوق الإنسان _zالدول العربية. _2BUEsh |
|
| 653 |
_bBUSBOL _cOctober2021 |
||
| 655 |
_vReading book _934232 |
||
| 700 | 1 |
_aالسيد، مصطفى كامل، _eمحرر. _940815 |
|
| 700 | 1 |
_4سليمان، هشام، _aمحرر. |
|
| 711 | 2 |
_aمؤتمر حول قضايا حقوق الإنسان : رؤية شعوب الجنوب _d(2011 : _cالقاهرة) |
|
| 942 | _2ddc | ||
| 999 |
_c29572 _d29543 |
||